01009nam a22003737a 4500001000700000003000900007005001700016007000700033008004700040010000600087020001800093040002200111042000600133050000900139100002800148245011200176246000900288250001500297260003600312300002700348490002400375500003200399500004300431500003800474520000600512650000900518650000900527650000900536700002300545700002500568830002400593856000900617856000900626000649DO-SdBNP20180208113401.0000649161108b 2007 sp a ||||| |||| 00| 0 spa d a  a9789702901853 aBPMSUcspadBPMSU a  a b 1 aDanziger, Paula,d1944-10a¿Seguiremos siendo amigos? /cPaula Danziger ; traducción de Javier Franco ; ilustraciones de Tony Ross. a b  a6ª reimp. aMéxico : bAlfaguara, c2007. a84 p. :bil ;c20 cm. 1 aAlfaguara infantil  aIncluye datos de la autora  aPara niños a partir de los 8 años. aSexta reimpresión: mayo de 2007 a  1a x  a x  a x 12aRoss, Tony, eil. 12aFranco, Javier,etr. 0aAlfaguara infantil 423 u 423 u